00486 2200181 4500001002100000005001500021008004100036020001800077035001900095041000700114082000800121090001400129100001600143245007000159260002400229300003400253650001700287INLIS00000000002231720241224131243241224||||||||| | ||| |||| || |  a979-1213-02-X 0010-1224022317 aid0 a813 a813 JAN s0 aJanu Ismadi00a100 Hari Mencari Mangsa dan Misteri Kecantikan Sumbi Sugi Mustika bSINAR WADJA LESTARI a29x21 cm, iv, 28 hlm.; ilus.: 0aKesusastraan